| 000 | 00473nam a2200181Ia 4500 | ||
|---|---|---|---|
| 003 | GCL | ||
| 008 | 140319s9999 xx 000 0 eng d | ||
| 040 |
_aGCL / _cGCL |
||
| 082 | 0 | 4 |
_a770.1 _bL P |
| 100 | 1 | _aLISTER, MORTIM | |
| 245 | 1 | 0 |
_aTHE POHOTOGRAPHIC IMAGE IN DIGITOL CULTURE / _cLISTER, MORTIM |
| 260 |
_a[S.N] : _bROUTLEDGE ، _c1995 |
||
| 300 | _a256 | ||
| 650 | 0 | 4 | _aSOCIAL ASPECTS |
| 650 | 0 | 4 | _aPHOTOGRAPHY |
| 650 | 0 | 4 | _aIMAGE, PHOTOGRAPHIC |
| 942 |
_2ddc _cBK |
||
| 999 |
_c10862 _d10862 |
||